00869nam a2200229Ii 450000100060000000300090000600800410001502000320005604000330008804100080012108200160012910000350014524500790018026400750025930000120033433600260034633700280037233800270040094000520042799900170047995201430049617298CO-ViMGA241108s9999||||xx |||||||||||||| ||und|| a848489097X (Iberoamericana) aCO-ViMGAbspaerdacCO-ViMGA0 aspa04a928.86 A49s1 aCarolina Alzate Cadavid94556210aSoledad Acosta de Samper :bescritura, género y nación en el siglo XIX 1aMadrid, España : Iberoamericana ; Frankfurt am Main : Vervuert, 2005 avolumen atextbtxt2rdacontent aunmediatedbn2rdamedia avolumebnc2rdacarrier aidficha_siabuc: 16963. -- ficha_no_siabuc:17298 c40086d40086 001040708InfPoTiaMEVIGERRbMEVIGERRcSInfd2014-07-03o928.86 A49spECA22817r2024-11-25 15:07:38tEj.1w2024-11-25yBKz16963 | 21849